| 000 | 00657 a2200181 4500 | ||
|---|---|---|---|
| 003 | NUST | ||
| 005 | 20221215131845.0 | ||
| 040 | _cNust | ||
| 082 | _a323.44,SAE | ||
| 100 |
_aSaeed , Karman _9104947 |
||
| 245 |
_aFreedom in bondage / _cKarman Saeed |
||
| 260 |
_aNational Book Foundation _bIslamabad _c1987 |
||
| 300 |
_a98 p.: _billus _c18 cm |
||
| 505 | _aDefinition (Page-1), Kinds of Freedom (Page-6), Some Basic Concepts (Page-17), Freedom and Different Behavioral Patterns (Page-32), Problem of Freedom in the Present-Day World (Page-82). | ||
| 600 |
_aSaeed , Karman _9104947 |
||
| 650 |
_aFreedom in bondage _9104948 |
||
| 942 |
_2ddc _cBK _k323.44,SAE |
||
| 999 |
_c184218 _d184218 |
||